Biomasa - ogólna charakterystyka, wartość energetyczna. Polskie przykłady wykorzystania drewna i słomy na cel energetyczny
Využitie biomasy v Poľsku na energetické ciele. Využitie a zhospodárnenie biomasy v rôznom tvare - z odpadov domového hospodárstva, zo zbytkov z pretínania mestskej zelene, zo zvyškov agrárnej produkcie. Využitie dreva a slamy ako OZE.
Na minha lista:
| Autor principal: | |
|---|---|
| Formato: | Capítulo de Livro |
| Idioma: | polonês |
| Assuntos: | |
| Tags: |
Sem tags, seja o primeiro a adicionar uma tag!
|
MARC
| LEADER | 00000naa$a2200000$$$4500 | ||
|---|---|---|---|
| 001 | 0078838 | ||
| 005 | 20240502071913.5 | ||
| 041 | 0 | |a pol | |
| 044 | |a SK | ||
| 245 | 1 | 0 | |a Biomasa - ogólna charakterystyka, wartość energetyczna. Polskie przykłady wykorzystania drewna i słomy na cel energetyczny |c Patrycja Pudło |
| 520 | |a Využitie biomasy v Poľsku na energetické ciele. Využitie a zhospodárnenie biomasy v rôznom tvare - z odpadov domového hospodárstva, zo zbytkov z pretínania mestskej zelene, zo zvyškov agrárnej produkcie. Využitie dreva a slamy ako OZE. | ||
| 610 | 2 | 0 | |a energetika |
| 610 | 2 | 0 | |a energia |
| 610 | 2 | 0 | |a zdroje energetické |
| 610 | 2 | 0 | |a zdroje energie obnoviteľné |
| 610 | 2 | 0 | |a drevo |
| 610 | 2 | 0 | |a poľnohospodárstvo |
| 610 | 2 | 0 | |a Poľsko |
| 100 | 1 | |a Pudło, Patrycja | |